Word Ladder: Location, Location, Location Quiz Stats

 Plays Quiz Updated Apr 29, 2015

Challenge
Share
Tweet
Embed
Score 0/18 Timer 03:00
2 Plays Today
Clue 5-Letter Word % Correct
Buenos _____: Argentine capitalAIRES
97.1%
Wizards' accessoriesWANDS
92%
Witch trial townSALEM
91.8%
Fireplace residueASHES
90.2%
JackrabbitsHARES
88.9%
''The City of Light''PARIS
88.8%
Land measuresACRES
88.5%
Puts to workHIRES
88.2%
Kind of taxSALES
88.1%
Clue 5-Letter Word % Correct
Constituent of the United KingdomWALES
87.9%
RecedesWANES
87.3%
Colorado skiing siteASPEN
86.8%
Massage targetsACHES
84.8%
Removes the rind fromPARES
84.8%
Smoothes, as woodSANDS
84.4%
Lacking colorASHEN
83.3%
Indian dressesSARIS
80.8%
Quartz gemsSARDS
72.1%

Today's Daily Dose

You're not logged in!

Compare scores with friends on all Sporcle quizzes.
Join for Free
OR
Log In

You Might Also Like...

Show Comments

Extras

Top Quizzes Today


Score Distribution

Your Account Isn't Verified!

In order to create a playlist on Sporcle, you need to verify the email address you used during registration. Go to your Sporcle Settings to finish the process.

Report this User

Report this user for behavior that violates our Community Guidelines.

Details: